| 000 -ლიდერი |
| ფიქსირებული სიგრძის საკონტროლო ველი |
00999nam a22002177a 4500 |
| 003 - საკონტროლო ნომრის იდენტიფიკატორი |
| საკონტროლო ველი |
Ge_BSU |
| 005 - ბოლო ოპერაციის თარიღი და დრო |
| საკონტროლო ველი |
20230410111649.0 |
| 008 - ფიქსირებული სიგრძის მონაცემთა ელემენტები - ზოგადი ინფორმაცია |
| ფიქსირებული სიგრძის საკონტროლო ველი |
230410s2007 ge ||||| |||| 00| 0 geo d |
| 020 ## - წიგნის საერთაშორისო სტანდარტული ნომერი |
| International Standard Book Number |
9789994059591 |
| 041 ## - ენის კოდი |
| Language code of text/sound track or separate title |
geo |
| 080 ## - უნივერსალური ათობითი კლასიფიკაციის ინდექსი |
| Universal Decimal Classification number |
930(479.22)(092 ჯანაშვილი) მ-86 |
| 245 ## - ცნობა სათაურის შესახებ |
| Title |
მოსე ჯანაშვილი-150 : |
| Remainder of title |
კონფერენციის მასალები / |
| Statement of responsibility, etc |
[კრებულის შემდგ. და რედ. გოჩა საითიძე]. |
| 264 ## - წარმოების, გამოცემის, დისტრიბუციის და სხვა ცნობები |
| გამოცემის, წარმოების, დისტრიბუციის... ადგილი |
თბილისი : |
| გამოცემის, წარმოების, დისტრიბუციის... სახელწოდება |
არტანუჯი, |
| გამოცემის, წარმოების, დისტრიბუციის... თარიღი |
2007. |
| 300 ## - ფიზიკური აღწერა |
| Extent |
107გვ. ; |
| Other physical details |
20სმ. |
| 490 ## - სერიის ცნობა |
| Series statement |
ჰერეთის სერია |
| Volume number/sequential designation |
2 |
| 504 ## - BIBLIOGRAPHY, ETC. NOTE |
| Bibliography, etc |
ბიბლიოგრ. მასალების ბოლოს. |
| 520 ## - SUMMARY, ETC. |
| Summary, etc |
რეზ. ინგლ. ენ. |
| 653 ## - INDEX TERM--UNCONTROLLED |
| Uncontrolled term |
ჯანაშვილი, მოსე |
| 700 ## - ADDED ENTRY--PERSONAL NAME |
| Personal name |
საითიძე, გოჩა |
| Relator term |
შემდგ.-რედაქტორი. |
| 9 (RLIN) |
3614 |
| 942 ## - ADDED ENTRY ELEMENTS (KOHA) |
| Source of classification or shelving scheme |
|
| Koha item type |
წიგნი |